00437 a2200133 4500001001000000005001700010008004100027245009700068100002400165700003100189700002500220773004100245999001700286ART_5188820260410161633.0260409a 10aEl capital social y ambiental desde lo contable y la responsabilidad social ante el COVID-191 aGeba, Norma Beatriz1 aBifaretti, Marcela Claudia1 aRovelli, Patricia B.0 tEnfoquesg- N°7 (jul. 2020)wREV416 c12594d12594